Didáctica integrativa y el proceso de aprendizaje

Zapisane w:
Opis bibliograficzny
1. autor: Villalobos Pérez-Cortés, Elvia Marveya (Autor)
Format: Książka
Język:hiszpański
Wydane: Cuernavaca Trillas 2002
Wydanie:1a. ed
Hasła przedmiotowe:
Etykiety: Dodaj etykietę
Nie ma etykietki, Dołącz pierwszą etykiete!

MARC

LEADER 00000cam a2200000 a 4500
001 UCC4846
003 CL-VaPUC
008 180831e20020000mx |||||||||||||||||spa|d
020 |a 9682464544 
082 0 4 |a 370.1  |b VIL  |2 21 
100 0 |a Villalobos Pérez-Cortés, Elvia Marveya  |e author  |9 599048 
245 1 0 |a Didáctica integrativa y el proceso de aprendizaje 
250 |a 1a. ed 
300 |a 254 p 
942 |c BK 
945 |d 20180831 12:04:00  |a dcastane 
260 |a Cuernavaca  |b Trillas  |c 2002 
650 0 |a Filosofía de la educación   |9 258384 
650 0 |a Cambio social   |9 256857 
650 0 |a Educación inclusiva   |9 560584 
583 |a last modification  |c 20180831 12:04:00  |k Rodrigo Vera 
999 |c 372232  |d 372230